<?xml version="1.0" encoding="UTF-8"?>
<marc:record xmlns:marc="http://www.loc.gov/MARC21/slim">
   <marc:leader>00000nam a2200000 a 4500</marc:leader>
   <marc:datafield ind1="1" ind2=" " tag="100">
      <marc:subfield code="a">Moost, Nele</marc:subfield>
      <marc:subfield code="4">aut</marc:subfield>
      <marc:subfield code="e">Verfasser/-in</marc:subfield>
   </marc:datafield>
   <marc:datafield ind1="0" ind2="0" tag="245">
      <marc:subfield code="a">Alles Schule - jetzt bin ich da!</marc:subfield>
   </marc:datafield>
   <marc:datafield ind1="0" ind2="0" tag="245">
      <marc:subfield code="b">drei Schulanfangs-Geschichten vom kleinen Raben Socke</marc:subfield>
   </marc:datafield>
   <marc:datafield ind1="0" ind2="0" tag="245">
      <marc:subfield code="c">Moost, Nele</marc:subfield>
   </marc:datafield>
   <marc:datafield ind1=" " ind2="1" tag="264">
      <marc:subfield code="a">Stuttgart</marc:subfield>
      <marc:subfield code="b">Esslinger</marc:subfield>
   </marc:datafield>
   <marc:datafield ind1="1" ind2=" " tag="520">
      <marc:subfield code="a">Angaben aus der Verlagsmeldung

Der kleine Rabe Socke: Alles Schule – jetzt bin ich da!, Drei Schulanfangs-Geschichten vom kleinen Raben Socke / von Nele Moost

Hurra, der kleine Rabe Socke geht in die erste Klasse: Zuerst merkt er, dass man nicht sofort alles kann (und das auch nicht muss), dann zankt er sich mit seiner Lehrerin, obwohl er sie doch so doll mag (und sie ihn auch) und auf dem Schulweg findet er neue Freunde (und trödelt dabei nur ein kleines bisschen).
Rabenstarke Schulanfangs-Geschichten für alle Schulanfänger! Als Mini-Ausgabe passt und gehört dieses Buch in jede Schultüte.
</marc:subfield>
   </marc:datafield>
   <marc:datafield ind1=" " ind2=" " tag="020">
      <marc:subfield code="a">9783480232864</marc:subfield>
      <marc:subfield code="9">9783480232864</marc:subfield>
   </marc:datafield>
   <marc:datafield ind1=" " ind2=" " tag="020">
      <marc:subfield code="a">3480232868</marc:subfield>
      <marc:subfield code="9">3480232868</marc:subfield>
   </marc:datafield>
   <marc:datafield ind1=" " ind2=" " tag="041">
      <marc:subfield code="a">ger</marc:subfield>
   </marc:datafield>
   <marc:datafield ind1=" " ind2=" " tag="300">
      <marc:subfield code="a">26 Seiten</marc:subfield>
   </marc:datafield>
</marc:record>
